Linear algebra for data science / (Record no. 53381)

MARC details
000 -LEADER
fixed length control field 00544nam a2200205Ia 4500
005 - DATE AND TIME OF LATEST TRANSACTION
control field 20260429112311.0
008 - FIXED-LENGTH DATA ELEMENTS--GENERAL INFORMATION
fixed length control field 260429s9999||||xx |||||||||||||| ||und||
020 ## - INTERNATIONAL STANDARD BOOK NUMBER
International Standard Book Number 9798886130775
041 ## - LANGUAGE CODE
Language English
082 ## - DEWEY DECIMAL CLASSIFICATION NUMBER
Classification number 512.5
Item number HAV
100 ## - MAIN ENTRY--PERSONAL NAME
Personal name Haviv, Moshe
245 #0 - TITLE STATEMENT
Title Linear algebra for data science /
Statement of responsibility, etc Moshe Haviv
260 ## - PUBLICATION, DISTRIBUTION, ETC. (IMPRINT)
Place of publication, distribution, etc Singapore :
Name of publisher, distributor, etc World Scientific Publishing,
Date of publication, distribution, etc 2024.
300 ## - PHYSICAL DESCRIPTION
Extent xii, 244 p.; pbk
650 ## - SUBJECT ADDED ENTRY--TOPICAL TERM
Topical term or geographic name as entry element Algebra
650 ## - SUBJECT ADDED ENTRY--TOPICAL TERM
Topical term or geographic name as entry element Data science
650 ## - SUBJECT ADDED ENTRY--TOPICAL TERM
Topical term or geographic name as entry element Linear algebra
650 ## - SUBJECT ADDED ENTRY--TOPICAL TERM
Topical term or geographic name as entry element Mathematics
942 ## - ADDED ENTRY ELEMENTS (KOHA)
Koha item type Text Books
Holdings
Withdrawn status Lost status Damaged status Not for loan Collection code Home library Location Shelving location Date of Cataloging Source of acquisition Total Checkouts Full call number Barcode Date last seen Price effective from Koha item type
        Non-fiction CUTN Central Library CUTN Central Library Sciences 29/04/2026 Feel Books, Chennai - Invoice No. BLR/CRB/25-26/549 on 09-02-2026   512.5 HAV 56772 29/04/2026 29/04/2026 Text Books
        Non-fiction CUTN Central Library CUTN Central Library Sciences 29/04/2026 Feel Books, Chennai - Invoice No. BLR/CRB/25-26/549 on 09-02-2026   512.5 HAV 56773 29/04/2026 29/04/2026 Text Books
        Non-fiction CUTN Central Library CUTN Central Library Sciences 29/04/2026 Feel Books, Chennai - Invoice No. BLR/CRB/25-26/549 on 09-02-2026   512.5 HAV 56774 29/04/2026 29/04/2026 Text Books
        Non-fiction CUTN Central Library CUTN Central Library Sciences 29/04/2026 Feel Books, Chennai - Invoice No. BLR/CRB/25-26/549 on 09-02-2026   512.5 HAV 56775 29/04/2026 29/04/2026 Text Books
        Non-fiction CUTN Central Library CUTN Central Library Sciences 29/04/2026 Feel Books, Chennai - Invoice No. BLR/CRB/25-26/549 on 09-02-2026   512.5 HAV 56776 29/04/2026 29/04/2026 Text Books